| 000 | 01634nam a2200433Ii 4500 | ||
|---|---|---|---|
| 001 | DIGPARKSTE0067 | ||
| 003 | NyNyDIG | ||
| 007 | cr ||||||||||| | ||
| 008 | 230512s2017 xxua ob 000 0 spa d | ||
| 006 | m o d | ||
| 020 |
_a9781683255574 _qeBook |
||
| 020 | _z9788431527457 | ||
| 035 | _a(OCoLC)1380643426 | ||
| 040 |
_aDGITA _beng _erda _epn _cDGITA |
||
| 043 | _ae------ | ||
| 050 | 1 | 4 | _aNA5453 ebook |
| 100 | 1 |
_aRoversi Monaco, Fabio A., _eauthor. |
|
| 245 | 1 | 4 |
_aLos secretos de las catedrales / _cA. Roversi Monaco ; traducción de Sonia Afuera Fernández. |
| 264 | 1 |
_aUSA : _bEditorial De Vecchi, _c[2017] |
|
| 300 |
_a1 online resource : _billustrations. |
||
| 336 |
_atext _btxt _2rdacontent |
||
| 337 |
_acomputer _bc _2rdamedia |
||
| 338 |
_aonline resource _bcr _2rdacarrier |
||
| 347 |
_atext file _2rdaft |
||
| 347 | _bEPUB | ||
| 500 | _a"Historias, ritos, prácticas religiosas"--Cover. | ||
| 504 | _aIncludes bibliographical references. | ||
| 588 | 0 | _aOnline resource; title from ePub title page (Digitalia, viewed May 12, 2023) | |
| 650 | 0 | _aArchitecture, Gothic. | |
| 650 | 0 | _aArchitecture, Medieval. | |
| 650 | 0 |
_aCathedrals _zEurope. |
|
| 700 | 1 |
_aAfuera Fernández, Sonia, _etranslator. |
|
| 791 | 2 |
_aDigitalia (Firm), _edistributor. |
|
| 793 | 0 |
_gDigitalia eBook Collection: _aParkstone International |
|
| 776 | 0 | 8 |
_iPrint version: _aRoversi Monaco, Fabio A. _tSecretos de las catedrales. _dUSA : Editorial De Vecchi, [2017] _z9788431527457 |
| 856 | 4 | 0 |
_3Digitalia Hispánica _uhttps://www.digitaliapublishing.com/a/122750/ |
| 910 | _aPremium collection: 2023 | ||
| 942 | _cRAA | ||
| 999 |
_c276308 _d276308 |
||